000 00403nam a22001697a 4500
005 20160518115804.0
008 160518b xxu||||| |||| 00| 0 eng d
020 _a978-0-07-014661-7
041 _aeng
082 _b2885
100 _aSethi, Anjanee & Adhikeri, B
_9748
245 _aBusiness Communication
260 _aNew Delhi
_bTMH,
300 _a294
650 _aManagement
_9241
942 _cBK
999 _c1012
_d1012